[Event "POL-ch Academic"]
[Site "Chorzow"]
[Date "2021.05.14"]
[Round "1.8"]
[White "Gryglicki, Mateusz"]
[Black "Kumala, Aleksander"]
[Result "0-1"]
[WhiteElo "1593"]
[BlackElo "2206"]
[PlyCount "60"]
[EventDate "2021.05.14"]
[EventType "swiss (rapid)"]
[EventRounds "9"]
[EventCountry "POL"]
[SourceTitle "CBM 202 Extra"]
[Source "ChessBase"]
[SourceDate "2021.07.31"]
[SourceVersion "1"]
[SourceVersionDate "2021.07.31"]
[SourceQuality "1"]

1. d4 Nf6 2. g3 d5 3. c4 Bf5 4. Bg2 c6 5. Nf3 e6 6. 0-0 h6 7. c5 b6 8. b4 a5 9. cxb6 axb4 10. b7 Ra7 11. a3 Qb6 12. Qb3 Qxb7 13. Bb2 Bxb1 14. Rfxb1 Nbd7 15. axb4 Rxa1 16. Bxa1 Bd6 17. Ne5 0-0 18. b5 cxb5 19. Nxd7 Qxd7 20. Bc3 b4 21. Bxb4 Rb8 22. Qc3 Qa4 23. Bxd6 Rxb1+ 24. Bf1 Qd1 25. Qc8+ Kh7 26. Kg2 Qxf1+ 27. Kf3 Qh1+ 28. Ke3 Rb3+ 29. Kd2 Ne4+ 30. Kc2 Qb1# 0-1